| 000 | nam a22 a 4500 | ||
|---|---|---|---|
| 999 |
_c423912 _d423912 |
||
| 003 | BLK | ||
| 005 | 20210715094712.0 | ||
| 008 | 210715b bu |||||r|||| 00| | bu d | ||
| 040 |
_cBLK _aBLK |
||
| 041 | 0 |
_aFRE _cFRE |
|
| 080 |
_aФренска литература _b821.133.1 _x.09 _z821.133.1.09 |
||
| 100 | 1 |
_aMontaigne, Michel de _919064 _eпърви автор |
|
| 139 | _aMontaigne, Michel de | ||
| 245 | 1 | 3 |
_aEssais de Montaigne _bAvec des notes Choisies dans tous les commentateurs et la traduction de toutes les citations que renferme le texte : T. 1 - _cred. par J.-V. Le Clerc _nT. 1 |
| 250 | _aNouv. ed. | ||
| 260 |
_9211270 _aParis _bLibr. Garnier freres _c1880 - |
||
| 300 | _c19 cm | ||
| 380 | _a82 | ||
| 490 |
_9435080 _aКолекция Редки и ценни издания |
||
| 650 | 0 |
_9264940 _aФренска литература - критика |
|
| 700 |
_91311 _aClerc, Josef Viktor _eред. |
||
| 760 |
_aMontaigne, Michel de _bNouv. ed. _dParis, 1880 _hVІІ, 578 р. _oТ. 1 |
||
| 852 |
_aРф 880 _bРц |
||
| 942 |
_cKNG _n0 _s1 |
||
| 944 |
_aCR _c2021-07-15 _kГГГ |
||